000
00336nam a2200145Ia 4500
100
_a
Forouzan/B.A/ Gilberg/R.F
942
_c
BK
654
_a
c
245
_a
Computer Science:Structured programming approach using C
260
_b
Thomsan Learning
_c
2001
082
_a
5.133
_b
FOR
300
_a
900
546
_a
ENGLISH
999
_c
25188
_d
25188